<?xml version="1.0" encoding="UTF-8"?>
<record
    xmlns:xsi="http://www.w3.org/2001/XMLSchema-instance"
    xsi:schemaLocation="http://www.loc.gov/MARC21/slim http://www.loc.gov/standards/marcxml/schema/MARC21slim.xsd"
    xmlns="http://www.loc.gov/MARC21/slim">

  <leader>00770nam a2200217Ia 4500</leader>
  <controlfield tag="003">OSt</controlfield>
  <controlfield tag="005">20240419150744.0</controlfield>
  <controlfield tag="008">210210b2016   xxu||||| |||| 00| 0 eng d</controlfield>
  <datafield tag="040" ind1=" " ind2=" ">
    <subfield code="a">AL</subfield>
    <subfield code="c"> </subfield>
  </datafield>
  <datafield tag="041" ind1=" " ind2=" ">
    <subfield code="a">Malayalam</subfield>
  </datafield>
  <datafield tag="082" ind1=" " ind2=" ">
    <subfield code="a">294.592 </subfield>
    <subfield code="2">23</subfield>
    <subfield code="b">EZHA</subfield>
  </datafield>
  <datafield tag="100" ind1=" " ind2=" ">
    <subfield code="a">Thunchath Ezhuthachchan</subfield>
    <subfield code="9">17471</subfield>
    <subfield code="d">&#xD24;&#xD41;&#xD23;&#xD1A;&#xD4D;&#xD1A;&#xD24;&#xD4D; &#xD0E;&#xD34;&#xD41;&#xD24;&#xD4D;&#xD24;&#xD1A;&#xD4D;&#xD1B;&#xD7B; </subfield>
  </datafield>
  <datafield tag="245" ind1=" " ind2=" ">
    <subfield code="a">Adhyatma Ramayanam</subfield>
    <subfield code="b">&#xD06;&#xD27;&#xD4D;&#xD2F;&#xD3E;&#xD24;&#xD3F;&#xD2E; &#xD30;&#xD3E;&#xD2E;&#xD3E;&#xD2F;&#xD23;&#xD02;</subfield>
  </datafield>
  <datafield tag="260" ind1=" " ind2=" ">
    <subfield code="a">Kottayam</subfield>
    <subfield code="b">D C Books</subfield>
    <subfield code="c">2022</subfield>
  </datafield>
  <datafield tag="300" ind1=" " ind2=" ">
    <subfield code="a">576p.</subfield>
    <subfield code="b">HB</subfield>
    <subfield code="c">21x14cm.</subfield>
  </datafield>
  <datafield tag="650" ind1=" " ind2=" ">
    <subfield code="a">Ramayanam: &#xD30;&#xD3E;&#xD2E;&#xD3E;&#xD2F;&#xD23;&#xD02; </subfield>
    <subfield code="9">17472</subfield>
  </datafield>
  <datafield tag="650" ind1=" " ind2=" ">
    <subfield code="a">Malayalam: &#xD2E;&#xD32;&#xD2F;&#xD3E;&#xD33;&#xD02; </subfield>
    <subfield code="9">17473</subfield>
  </datafield>
  <datafield tag="700" ind1=" " ind2=" ">
    <subfield code="a">EZHUTHACHCHAN (Thunchath)</subfield>
    <subfield code="9">58533</subfield>
    <subfield code="d"> &#xD0E;&#xD34;&#xD41;&#xD24;&#xD4D;&#xD24;&#xD1A;&#xD4D;&#xD1B;&#xD7B; (&#xD24;&#xD41;&#xD23;&#xD1A;&#xD4D;&#xD1A;&#xD24;&#xD4D;)</subfield>
  </datafield>
  <datafield tag="906" ind1=" " ind2=" ">
    <subfield code="a">072399</subfield>
  </datafield>
  <datafield tag="942" ind1=" " ind2=" ">
    <subfield code="2">ddc</subfield>
    <subfield code="c">BK</subfield>
  </datafield>
  <datafield tag="999" ind1=" " ind2=" ">
    <subfield code="c">122348</subfield>
    <subfield code="d">122348</subfield>
  </datafield>
  <datafield tag="952" ind1=" " ind2=" ">
    <subfield code="0">0</subfield>
    <subfield code="1">0</subfield>
    <subfield code="2">ddc</subfield>
    <subfield code="4">0</subfield>
    <subfield code="7">0</subfield>
    <subfield code="8">OTH</subfield>
    <subfield code="a">AL</subfield>
    <subfield code="b">AL</subfield>
    <subfield code="d">2021-02-17</subfield>
    <subfield code="e">Biblios Book Point, Surathkal-575014</subfield>
    <subfield code="g">225.00</subfield>
    <subfield code="l">2</subfield>
    <subfield code="o">294.592 EZHA</subfield>
    <subfield code="p">072399</subfield>
    <subfield code="r">2023-01-28 00:00:00</subfield>
    <subfield code="s">2023-01-16</subfield>
    <subfield code="w">2021-02-17</subfield>
    <subfield code="y">BK</subfield>
  </datafield>
  <datafield tag="952" ind1=" " ind2=" ">
    <subfield code="0">0</subfield>
    <subfield code="1">0</subfield>
    <subfield code="2">ddc</subfield>
    <subfield code="4">0</subfield>
    <subfield code="7">0</subfield>
    <subfield code="8">OTH</subfield>
    <subfield code="a">AL</subfield>
    <subfield code="b">AL</subfield>
    <subfield code="d">2022-09-21</subfield>
    <subfield code="e">DC Books</subfield>
    <subfield code="g">359.00</subfield>
    <subfield code="l">1</subfield>
    <subfield code="o">294.592 EZHA</subfield>
    <subfield code="p">076099</subfield>
    <subfield code="r">2024-03-26 00:00:00</subfield>
    <subfield code="s">2023-08-07</subfield>
    <subfield code="v">399.00</subfield>
    <subfield code="w">2022-09-26</subfield>
    <subfield code="y">BK</subfield>
  </datafield>
</record>
